000 00260nam a22001217a 4500
008 181002b xxu||||| |||| 00| 0 eng d
041 _aeng
080 _a321
100 _a22
101 _aPOL
245 _aQuest For Community
_cNisbet..r
942 _2udc
_cBK
999 _c48766
_d48766